| 000 | 00930nam a22002897a 4500 | ||
|---|---|---|---|
| 001 | 6757 | ||
| 003 | FISKH | ||
| 005 | 20250526102259.0 | ||
| 008 | 250526b cb ||||| |||| 00| 0 eng d | ||
| 020 | _a9780688140267 | ||
| 040 |
_aFISKH _beng _cFISKH _dFISKH |
||
| 050 | _aPZ7.K868 C | ||
| 082 | _a813.54 | ||
| 100 | _aKraus, Robert | ||
| 245 |
_aCome out and play, little mouse / _cby Robert Kraus ; Pictures by Jose Aruego and Ariane Dewey |
||
| 260 |
_aNew York : _bA Mulberry Paper Book, _c1987. |
||
| 300 |
_a32 unnumbered pages : _bcolor illustrations ; _c26 cm |
||
| 505 | _aE | ||
| 520 | _aBig Brother saves Little Mouse from a cat's treacherous invitation to come out and play. | ||
| 521 | 8 |
_a270
_bLexile |
|
| 521 | 8 |
_aE
_bRaz-Plus |
|
| 650 |
_aRelationships _vFamilies |
||
| 700 |
_aAruego, Jose _eillustrator |
||
| 700 |
_aDewey, Ariane _eillustrator |
||
| 942 |
_2ddc _cBK _n0 |
||
| 999 |
_c6757 _d6757 |
||